Les origines de l'Egypte pharaonique. Premiere partie : La IIe et la IIIe dynasties /

محفوظ في:

المؤلف الرئيسي: Weill, Raymond, 1874-1950 (مؤلف)

التنسيق: كتاب

اللغة: French

منشور في: Paris : Ernest Leroux, 1908.

سلاسل: Annales du Musée Guimet. Bibliothèque d'études ; 25.

الموضوعات:

الوسوم: إضافة وسم

لا توجد وسوم, كن أول من يضع وسما على هذه التسجيلة!

رقم الطلب: DS1 .P35 v.25

LEADER 01071namaa2200277 4500
001 20599
003 OSt
005 20251124151302.0
008 130303s1908 fr af b 000 0 fre d
010 |a 44000469 
040 |c ARCE Library 
043 |a f-ua--- 
050 4 |a DS1 .P35 v.25 
100 1 |a Weill, Raymond,  |d 1874-1950,  |e author 
245 1 4 |a Les origines de l'Egypte pharaonique.  |p Premiere partie : La IIe et la IIIe dynasties /  |c par Raymond Weill.  |h   
264 1 |a Paris :  |b Ernest Leroux,  |c 1908.  
300 |a viii, 515 pages :  |b illustrations , 7 plates (1 fold.) ;  |c 25 cm. 
490 1 |a Annales du Musée Guimet. Bibliothèque d'études ;   |v 25. 
500 |a Issued also as author's thesis, Paris, under title: Des monuments et de l'histoire des IIe et IIIe dynasties égyptiennes.  
504 |a "Index bibliographique alphabétique": p. 501-511. 
650 0 |a Inscriptions, Egyptian. 
651 0 |a Egypt  |x History, Ancient. 
830 0 |a Annales du Musée Guimet. Bibliothèque d'études ;  |v 25. 
901 |a reviewed 
942 |c BK  |2 lcc 
999 |c 18201  |d 18201